| 000 | 00484nam a2200181Ia 4500 | ||
|---|---|---|---|
| 008 | 131103s9999 xx 000 0 und d | ||
| 020 | _a0 237 29074 X | ||
| 040 | _aLoreto College | ||
| 041 | _aEnglish | ||
| 082 |
_a372.21/PIL _bLCBED/2369 |
||
| 245 |
_aIdeas in practice _cEdited by P.G. Pile |
||
| 260 |
_aLondon _bEvans _c1974 |
||
| 300 |
_a31p. _b ill. _c 22cm. |
||
| 440 | _aEducation in action | ||
| 650 | _aElementary education | ||
| 850 | _aLCBED/372.21/PIL | ||
| 942 | _cBK | ||
| 999 |
_c27518 _d77997 |
||